All About LeBron - Statistics

General Stats
  • This quiz has been taken 102 times
    39 since last reset
  • The average score is 18 of 27
Answer Stats
Question Answer % Correct
Jersey Numbers 6 | 23
93%
Height 6'9
90%
Full Name LeBron Raymone James
86%
First Player With This Many All-Star Appearances 20
83%
Draft Year 2003
79%
Year His High School Team Was Champions and He Was Named Naismith Prep Player of The Year 2003
79%
Lakers Teammate Known For His Unibrow Anthony Davis
79%
Heat MVP Teammate Dwayne Wade
79%
Big 3 Teammates Dwayne Wade | Chris Bosh
79%
Sport He Played In High School Football
79%
All-Star Teammate Who Died in a Helicopter Crash Kobe Bryant
79%
Birthplace Akron, Ohio
76%
Children Bronny | Bryce | Zhuri
76%
Nicknames King James | The L-Train | The Akron Hammer
76%
Teammate Who Helped Most With 3-1 Comeback Kyrie Irving
76%
Teams Cavaliers | Heat | Lakers
72%
Player He Passed For Most Points Of All Time Kareem Abdul-Jabbar
72%
Coaches Tyronn Lue | David Blatt | Paul Silas | Erik Spoelstra | Frank Vogel | Pat Riley | Kareem Abdul-Jabbar | Ime Udoka | Michael Malone | Dru Joyce II
72%
Team He Played In Finals In 2015-2018 Warriors
72%
Player Picked 2 Picks After Him Carmelo Anthony
69%
Lakers MVP Teammate On Cavs Shaquille O'Neal
62%
High School St. Vincent-St. Mary
62%
Weight 250 lbs
38%
Dad Anthony McClelland
21%
Birthdate December 30th, 1984
21%
Movie With Fab 4 Shooting Stars
21%
Wife Name Before Marriage Savannah Brinson
14%
No matching quizzes found
Score Distribution
Percent of People with Each Score
Percentile by Number Answered
Your Score History
You have not taken this quiz since the last reset